Skills, outlooks and passions: a psychoanalytic contribution to the study of politics (Record no. 470)
[ view plain ]
| 000 -LEADER | |
|---|---|
| fixed length control field | 00635nam a2200157 a 4500 |
| 008 - FIXED-LENGTH DATA ELEMENTS--GENERAL INFORMATION | |
| fixed length control field | 120926s1980 ||||||||||||||||| || u |
| 020 ## - INTERNATIONAL STANDARD BOOK NUMBER | |
| International Standard Book Number | 0521293499 |
| 050 ## - LIBRARY OF CONGRESS CALL NUMBER | |
| Classification number | JA74.5 Dav |
| 100 ## - MAIN ENTRY--PERSONAL NAME | |
| Personal name | Davies, A. F |
| 245 10 - TITLE STATEMENT | |
| Title | Skills, outlooks and passions: a psychoanalytic contribution to the study of politics |
| Statement of responsibility, etc. | by A. F. Davies |
| 260 ## - PUBLICATION, DISTRIBUTION, ETC. | |
| Place of publication, distribution, etc. | Cambridge: |
| Name of publisher, distributor, etc. | Cambridge University Press |
| Date of publication, distribution, etc. | 1980 |
| 300 ## - PHYSICAL DESCRIPTION | |
| Extent | xvi, 522p.: ill. |
| 500 ## - GENERAL NOTE | |
| General note | includes Bibiliography |
| 650 ## - SUBJECT ADDED ENTRY--TOPICAL TERM | |
| Topical term or geographic name entry element | POLITICAL PSYCOLOGY |
| 995 ## - | |
| -- | SPECIAL COLLECTIONS |
| -- | 500110 |
| -- | CBU-DAG HAMMARSKJOLD INSTITUTE LIBRARY |
| -- | DAG JA 74.5 Dav |
| -- | 1 |
| -- | AVAILABLE |
| -- | Oct 25, 2012 |
| -- | 500110 |
| -- | DHIPS Book Collection |
| 999 ## - | |
| -- | 470 |
| -- | 470 |
| Withdrawn status | Lost status | Source of classification or shelving scheme | Damaged status | Not for loan | Permanent Location | Current Location | Shelving location | Date acquired | Total Checkouts | Full call number | Barcode | Date last seen | Price effective from | Koha item type |
|---|---|---|---|---|---|---|---|---|---|---|---|---|---|---|
| CBU-DAG HAMMARSKJOLD INSTITUTE | CBU-DAG HAMMARSKJOLD INSTITUTE | 11/28/2022 | JA74.5 Dav | 500110 | 11/28/2022 | 11/28/2022 | MONOGRAPH |